Statistics for 11 Times Table Game

Click here to take the quiz!

General Stats

  • This quiz has been taken 2,040 times
    (1,131 since last reset)
  • The average score is 12 of 12

Answer Stats

ProblemAnswer% Correct
11 x 111
99%
11 x 222
99%
11 x 333
99%
11 x 444
98%
11 x 555
98%
11 x 666
98%
11 x 777
98%
11 x 999
98%
11 x 10110
97%
11 x 11121
97%
11 x 12132
97%
11 x 888
97%

Score Distribution

Percentile by Number Answered

Percent of People with Each Score

Your Score History

You have not taken this quiz since the last reset